000 00392nam a2200169Ia 4500
003 GCL
008 140319s9999 xx 000 0 eng d
040 _aGCL /
_cGCL
082 0 4 _aM
_bCAIRO
100 1 _aGACOAN, M.M
245 1 0 _aNVIRONS DU KAIRE /
_cGACOAN, M.M
260 _a[S.N] :
_bCHAMOUIM ET DANDELENR
650 0 4 _aCAIRO
650 0 4 _aGIZA
650 0 4 _aBOULAQ
942 _2ddc
_cMP
999 _c25762
_d25762